| Tag |
First Indicator |
Second Indicator |
Subfields |
| LEADER |
00000nam a2200000Ia 4500 |
| 001 |
in00004297313 |
| 005 |
20200810082531.0 |
| 006 |
m g d |
| 007 |
cr bn |||a|bb| |
| 008 |
860416s1680 enk o 00| | eng d |
| 035 |
|
|
|a (OCoLC)13442776
|
| 040 |
|
|
|a EAA
|c EAA
|d m/c
|d WaOLN
|
| 037 |
|
|
|a CL0037000026
|b ProQuest Information and Learning. 300 N. Zeeb Rd., Ann Arbor, MI 48106
|
| 049 |
|
|
|a UMIA
|
| 100 |
1 |
|
|a Bates, William,
|d 1625-1699.
|
| 245 |
1 |
4 |
|a The soveraign and final happiness of man with the effectual means to obtain it /
|c by William Bates ...
|
| 260 |
|
|
|a London :
|b Printed by J.D. for Brabazon Aylmer ...,
|c 1680.
|
| 300 |
|
|
|a 1 online resource ([2], 272 pages)
|
| 336 |
|
|
|a text
|b txt
|2 rdacontent
|
| 337 |
|
|
|a computer
|b c
|2 rdamedia
|
| 338 |
|
|
|a online resource
|b cr
|2 rdacarrier
|
| 500 |
|
|
|a Running title: The final happiness of man.
|
| 500 |
|
|
|a Errata: pages 4.
|
| 500 |
|
|
|a Reproduction of original in Huntington Library.
|
| 510 |
4 |
|
|a Wing
|c B1126
|
| 533 |
|
|
|a Electronic reproduction.
|b Ann Arbor, Mich. :
|c UMI,
|d 1999-
|f (Early English books online)
|n Digital version of: (Early English books, 1641-1700 ; 834:5)
|7 s1999 miun s
|
| 650 |
|
0 |
|a Happiness
|v Early works to 1800.
|
| 740 |
0 |
|
|a Final happiness of man.
|
| 830 |
|
0 |
|a Early English books online.
|
| 856 |
4 |
0 |
|u http://proxy.library.tamu.edu/login?url=https://search.proquest.com/docview/2264214327
|z Connect to the full text of this electronic book
|t 0
|
| 999 |
f |
f |
|s e7624b81-aa31-35a5-b0df-fdfdd2050ddd
|i 32aae63a-ff77-33b6-ba83-1bf5c0ed63c9
|t 0
|
| 952 |
f |
f |
|a Texas A&M University
|b College Station
|c Electronic Resources
|d Available Online
|t 0
|h No information provided
|
| 998 |
f |
f |
|t 0
|l Available Online
|